000 00622nam a22002177a 4500
003 UA-OsUOA
001 52530
007 ta
008 20080219b un ||||| |||| 00| 0 ukr d
100 _aБодров В.Г.
090 _a330(477)
_bБ-12
942 _cSA
040 _aUA-OsUOA
_bukr
_cUA-OsUOA
_dUA-OsUOA
245 _aОснови конкурентноспроможності економіки України
300 _aС.67-75
955 _a0
041 _aukr
080 _a330(477)
773 0 _w52526
_tФінанси України
_dК.
_d2007
_g9
650 7 _a330 Економіка взагалі
_2UDC
999 _c338628
_d338628